La situación actual / (Record no. 157382)

MARC details
000 -LEADER
campo de control de longitud fija 00589nam a22001695i 4500
001 - NÚMERO DE CONTROL
campo de control 157382
003 - IDENTIFICADOR DE NÚMERO DE CONTROL
campo de control ES-MaACL
005 - FECHA Y HORA DE LA ÚLTIMA TRANSACCIÓN
campo de control 20230906210653.0
008 - DATOS DE LONGITUD FIJA--INFORMACIÓN GENERAL
campo de control de longitud fija 040806s1868 sp |||| | spa d
080 ## - NÚMERO DE LA CLASIFICACIÓN DECIMAL UNIVERSAL
Número de la Clasificación Decimal Universal 329(460)"18"
100 1# - ENTRADA PRINCIPAL--NOMBRE DE PERSONA
Nombre de persona Leal, F.
9 (RLIN) 128800
245 13 - MENCIÓN DEL TÍTULO
Título La situación actual /
Mención de responsabilidad, etc. por F. Leal.
260 ## - PUBLICACIÓN, DISTRIBUCIÓN, ETC.
Lugar de publicación, distribución, etc. Madrid :
Nombre del editor, distribuidor, etc. [s.n.],
Fecha de publicación, distribución, etc. 1868 (
Fabricante Imp. de los Señores Cámara y Noguera)
300 ## - DESCRIPCIÓN FÍSICA
Extensión 31, [2] p. ;
Dimensiones 25 cm.
650 #4 - PUNTO DE ACCESO ADICIONAL DE MATERIA--TÉRMINO DE MATERIA
Término de materia o nombre geográfico como elemento de entrada Partidos políticos-
Subdivisión geográfica España-
Subdivisión cronológica S.XIX.
9 (RLIN) 138923
852 4# - LOCALIZACIÓN
Ubicación ES-MaACL
Número de control de estantería T-97-F-2
Nota libre - Enc. hol., falto de cub. original
-- - Enc. en un vol. facticio
Holdings
Estatus retirado Estado de pérdida Estado de daño No para préstamo Colección Biblioteca de origen Biblioteca actual Ubicación en estantería Fecha de adquisición Total de préstamos Signatura topográfica completa Código de barras Visto por última vez Precio de reemplazo Tipo de ítem Koha
        Colección de folletos Biblioteca del Ateneo de Madrid Biblioteca del Ateneo de Madrid Depósito folletos 17/01/2008   T-97-F-2 1164699 23/02/2023 23/02/2023 Folleto